Highest Grossing Movies (1993) Quiz Stats

Quiz Updated Mar 28, 2015

Challenge
Share
Tweet
Score 0/30 Timer 08:00
5 Plays Today
% Correct
Jurassic Park
98.4%
Mrs. Doubtfire
95.4%
Free Willy
85.9%
Groundhog Day
85.2%
Cool Runnings
77.6%
Schindler's List
77.3%
Tim Burton's The Nightmare Before Christmas
76.3%
Sleepless in Seattle
76%
Sister Act 2: Back in the Habit
74.4%
The Three Musketeers
72.3%
The Fugitive
72%
Wayne's World 2
67%
Philadelphia
61.5%
Grumpy Old Men
60.5%
Dennis the Menace
55.4%
% Correct
Tombstone
50.5%
Addams Family Values
50.2%
The Firm
48.4%
Beethoven's 2nd
46.2%
Indecent Proposal
45.4%
Cliffhanger
44.5%
The Pelican Brief
42.7%
Dave
41.9%
Last Action Hero
37.6%
In the Line of Fire
33.6%
Rookie of the Year
33.1%
Demolition Man
32%
Rising Sun
14.8%
Sommersby
9.3%
Malice
6.2%

You're not logged in!

Compare scores with friends on all Sporcle quizzes.
Join for Free
OR
Log In

You Might Also Like...

Show Comments

Extras

Top Quizzes Today


Score Distribution

Your Account Isn't Verified!

In order to create a playlist on Sporcle, you need to verify the email address you used during registration. Go to your Sporcle Settings to finish the process.

Report this User

Report this user for behavior that violates our Community Guidelines.

Details: